| 000 | 00695nam a2200229 u 4500 | ||
|---|---|---|---|
| 005 | 20230121063548.0 | ||
| 008 | 130805s2002 mx r 000 0 spa d | ||
| 020 | _a9688671339 (Anagrama) | ||
| 020 | _a9701899652 (SEP) | ||
| 035 | _aUPN01000191929 | ||
| 049 | _aCG | ||
| 050 | 4 |
_aPN181 _bC3.7a |
|
| 100 | 1 |
_aCassany i Comas, Daniel, _d1961- _932652 |
|
| 245 | 1 | 3 |
_aLa cocina de la escritura / _cDaniel Cassany. |
| 260 |
_aMéxico : _bSEP : _bAnagrama, _c2002. |
||
| 300 |
_a255 p. : _bil. |
||
| 440 | 0 | _aBiblioteca para la actualización del maestro | |
| 534 |
_pTítulo original: _tLa cuina de l'escriptura |
||
| 650 | 2 |
_aArte de escribir _92551 |
|
| 905 | _aLibro | ||
| 999 |
_c164032 _d164032 |
||